[Event "Misurata op"]
[Site "Misurata"]
[Date "2022.12.14"]
[Round "8"]
[White "Albakkoush, Almonther Mohammed"]
[Black "Badi, Almuetasim Billalah"]
[Result "0-1"]
[WhiteElo "1759"]
[BlackElo "1629"]
[PlyCount "32"]
[EventDate "2022.12.08"]
[EventType "swiss"]
[EventRounds "9"]
[EventCountry "LBY"]
[SourceTitle "EXT 2024"]
[Source "ChessBase"]
[SourceDate "2023.10.10"]
[SourceVersion "1"]
[SourceVersionDate "2023.10.10"]
[SourceQuality "1"]

1. e4 e5 2. Nf3 Nc6 3. Bc4 Nf6 4. d3 Be7 5. c3 d6 6. 0-0 Na5 7. Bb5+ c6 8. Ba4 b5 9. Bc2 0-0 10. Re1 c5 11. d4 Qc7 12. Nbd2 Nc6 13. dxe5 dxe5 14. Nf1 Be6 15. Ng3 Rad8 16. Qe2 Bc4 0-1